Ba-asher hu adam / (Record no. 32155)
[ view plain ]
| 000 -LEADER | |
|---|---|
| fixed length control field | 00785cam a22002291 4500 |
| 001 - CONTROL NUMBER | |
| control field | he 67000324 |
| 003 - CONTROL NUMBER IDENTIFIER | |
| control field | DLC |
| 005 - DATE AND TIME OF LATEST TRANSACTION | |
| control field | 20260227111444.0 |
| 008 - FIXED-LENGTH DATA ELEMENTS--GENERAL INFORMATION | |
| fixed length control field | 840829s1966 is a 000 0 heb |
| 010 ## - LIBRARY OF CONGRESS CONTROL NUMBER | |
| LC control number | he 67000324 |
| 035 ## - SYSTEM CONTROL NUMBER | |
| System control number | (OCoLC)19186883 |
| 040 ## - CATALOGING SOURCE | |
| Original cataloging agency | DLC |
| Transcribing agency | MH |
| Modifying agency | CU |
| -- | DLC |
| 042 ## - AUTHENTICATION CODE | |
| Authentication code | premarc |
| 050 00 - LIBRARY OF CONGRESS CALL NUMBER | |
| Classification number | BS558.H4 |
| Item number | R3 |
| 100 1# - MAIN ENTRY--PERSONAL NAME | |
| Personal name | Rapp, Naḥman. |
| 245 10 - TITLE STATEMENT | |
| Title | Ba-asher hu adam / |
| Statement of responsibility, etc. | [tirgum ha-sipurim mi-Yidish S. Mendl ; ...rishumim ṿe-tavliṭe neḥoshet Ḥayim Diner] |
| 260 ## - PUBLICATION, DISTRIBUTION, ETC. | |
| Place of publication, distribution, etc. | [Tel Aviv?] : |
| Name of publisher, distributor, etc. | [ha-Ṿaʻadah le-hotsaʼat kitve Naḥman Rap be-ʻIvrit], |
| Date of publication, distribution, etc. | [726, 1966] |
| 300 ## - PHYSICAL DESCRIPTION | |
| Extent | 126 p. : |
| Other physical details | ill. ; |
| Dimensions | 25 cm. |
| 500 ## - GENERAL NOTE | |
| General note | Added t.p. in English: Baʼasher hu adam; stories from the Bible. |
| 650 #0 - SUBJECT ADDED ENTRY--TOPICAL TERM | |
| Topical term or geographic name entry element | Bible stories, Hebrew. |
| 752 ## - ADDED ENTRY--HIERARCHICAL PLACE NAME | |
| Country or larger entity | Israel |
| City | Tel Aviv |
No items available.